| 000 | 00369nam a2200157Ia 4500 | ||
|---|---|---|---|
| 008 | 221030s9999 xx 000 0 und d | ||
| 020 | _a0074624008 | ||
| 041 | _aEnglish | ||
| 082 |
_a105.23 _bSen |
||
| 100 | _aP. C. Sen | ||
| 245 | 0 | _aPower Electronics ( DEPARTMENTAL ) | |
| 260 |
_bTMH _aNew Delhi _c1997 |
||
| 300 | _a0 | ||
| 650 | _aECE Departmental | ||
| 942 | _cBK | ||
| 999 |
_c1096 _d1096 |
||